000 00677nam a22002417a 4500
003 UA-OsUOA
001 51048
007 ta
008 20140717b un ||||| |||| 00| 0 ukr d
100 _aСціборський М.
090 _a09.-82-92
_bС92
942 _cBR
040 _aUA-OsUOA
_bukr
_cUA-OsUOA
_dUA-OsUOA
245 _aСталінізм
300 _a48 с.
955 _a1
041 _aukr
080 _a09.-82-92
260 _bВид-во ім. Хвильового
_c1947
650 7 _a0 Загальний відділ.
_2UDC
999 _c431199
_d431199